01645nam a2200421 i 450000100060000000300080000600500170001400600190003100700150005000800410006502000180010603500220012404000310014605000220017708000100019908200140020910000450022324501110026826400480037930000580042733600310048533700330051633800430054949000280059250000310062058800830065159001620073465000220089665000450091865000300096365000240099365000480101765000330106565500270109879700180112585600630114399900170120624172FINmELB20241216214139.0m o d | cr cnu||||||||210520s2007 sp a o 000 0 spa d z9786079704889 a(OCoLC)1252203313 aFINmELBbspaerdacFINmELB 4aHM626b.V549 2007 a004.804a303.42231 aVélez Herrera, José Ivanhoe,eautor.10aEvolución en la tecnología :bde la inteligencia artificial al meme /cJosé Ivanhoe Vélez Herrera. 1aMéxico, D.F. :bPalabra de Clío,c2007. a1 recurso en línea (179 páginas) :bilustraciones atextobtxt2rdacontent/spa acomputadorabc2rdamedia/spa arecurso en líneabcr2rdacarrier/spa1 aHistoriadores mexicanos aReimpresiones: (2a, 2017). aDescripción basada en metadatos suministrados por el editor y otras fuentes. aRecurso electrónico. Santa Fe, Arg.: elibro, 2021. Disponible vía World Wide Web. El acceso puede estar limitado para las bibliotecas afiliadas a elibro. 0aSocial evolution. 0aArtificial intelligencexSocial aspects. 0aInternetxSocial aspects. 4aEvolución social. 4aInteligencia artificialxAspectos sociales. 4aInternetxAspectos sociales. 4aLibros electrónicos.2 aelibro, Corp.40uhttps://elibro.net/ereader/politecnicointernacional/129059 c24172d24172